[Event "Nova Gorica op 28th"]
[Site "Nova Gorica"]
[Date "2024.01.26"]
[Round "1"]
[White "Mihelj, Edvard Danijel"]
[Black "Budai, Federico"]
[Result "0-1"]
[WhiteElo "1618"]
[BlackElo "1861"]
[PlyCount "90"]
[EventDate "2024.01.26"]
[EventType "swiss"]
[EventRounds "9"]
[EventCountry "SLO"]
[SourceTitle "CB06_2024"]
[SourceDate "2024.02.07"]
[SourceVersion "1"]
[SourceVersionDate "2024.02.07"]
[SourceQuality "1"]

1. e4 e5 2. Bc4 Nc6 3. a3 Nf6 4. d3 Bc5 5. h3 d6 6. Nf3 h6 7. c3 Bb6 8. Be3 Ne7 9. Nh2 c6 10. b4 a5 11. 0-0 axb4 12. cxb4 d5 13. exd5 cxd5 14. Bb5+ Bd7 15. Bxd7+ Nxd7 16. Bxb6 Qxb6 17. Nc3 0-0 18. Qf3 Qe6 19. Ng4 f5 20. Nh2 Nb6 21. Rfe1 e4 22. Qe2 Ng6 23. Nb5 Qd7 24. dxe4 fxe4 25. Nd4 Nc4 26. Qg4 Qxg4 27. Nxg4 Rxa3 28. Rxa3 Nxa3 29. Ra1 Nc4 30. Ra7 Rf7 31. g3 Nge5 32. Ne6 Nxg4 33. hxg4 Re7 34. Ra8+ Kf7 35. Nd4 Rc7 36. Kf1 Ne5 37. Nf5 Rd7 38. Ra5 Nxg4 39. Nd4 Ne5 40. Ke2 b6 41. Rb5 Nc4 42. Nc2 d4 43. Ne1 d3+ 44. Kd1 d2 45. Ke2 d1Q+ 0-1

[Event "Nova Gorica op 27th"]
[Site "Nova Gorica"]
[Date "2023.03.21"]
[Round "7"]
[White "Mihelj, Edvard Danijel"]
[Black "Budai, Federico"]
[Result "0-1"]
[WhiteElo "1637"]
[BlackElo "1744"]
[PlyCount "66"]
[EventDate "2023.03.16"]
[EventType "swiss"]
[EventRounds "9"]
[EventCountry "SLO"]
[SourceTitle "CBM 213 Extra"]
[Source "ChessBase"]
[SourceDate "2023.05.31"]
[SourceVersion "1"]
[SourceVersionDate "2023.05.31"]
[SourceQuality "1"]

1. e4 e5 2. Bc4 Nf6 3. Nf3 Nxe4 4. Nxe5 Qe7 5. Qh5 Nd6 6. Bb3 Nc6 7. f4 g6 8. Qe2 Nd4 9. Qe3 N6f5 10. Bxf7+ Kd8 11. Qe4 d6 12. c3 dxe5 13. Qd5+ Nd6 14. cxd4 exf4+ 15. Qe5 Nxf7 16. Qxe7+ Bxe7 17. 0-0 g5 18. Nc3 Nd6 19. d3 Nf5 20. d5 Bc5+ 21. Kh1 Be3 22. Ne4 h6 23. Rf3 Nd4 24. Rf1 Nc2 25. Rb1 Bxc1 26. Rfxc1 Nb4 27. d6 c6 28. d4 Bf5 29. Re1 Nc2 30. Re2 Ne3 31. Nc3 Bxb1 32. Nxb1 Kd7 33. Nc3 Rae8 0-1

[Event "Nova Gorica op-A 26th"]
[Site "Nova Gorica"]
[Date "2022.09.19"]
[Round "6"]
[White "Papler, Peter"]
[Black "Mihelj, Edvard Danijel"]
[Result "0-1"]
[WhiteElo "1750"]
[BlackElo "1657"]
[PlyCount "110"]
[EventDate "2022.09.16"]
[EventType "swiss"]
[EventRounds "9"]
[EventCountry "SLO"]
[SourceTitle "CBM 210 Extra"]
[Source "ChessBase"]
[SourceDate "2022.11.30"]
[SourceVersion "1"]
[SourceVersionDate "2022.11.30"]
[SourceQuality "1"]

1. d4 b6 2. Bf4 Bb7 3. Nc3 g6 4. e4 Bg7 5. Qd2 d6 6. Nf3 Nd7 7. 0-0-0 e6 8. Be2 Qe7 9. Rhe1 h5 10. Nb5 Ndf6 11. e5 Ne4 12. Qe3 d5 13. h4 a6 14. Nc3 Nh6 15. Nxe4 dxe4 16. Ng5 Nf5 17. Qb3 Nxh4 18. Bf1 Bh6 19. Nh3 Bxf4+ 20. Nxf4 0-0 21. Kb1 Rad8 22. Qh3 Qg5 23. Ne2 Nf5 24. Qc3 Rd7 25. Nc1 Rfd8 26. Nb3 c5 27. g3 Nxd4 28. Nxd4 cxd4 29. Qb4 Qxe5 30. Qxb6 Qc7 31. Qb3 Qa5 32. Bc4 Bd5 33. Bxd5 exd5 34. Rg1 Qb5 35. Rxd4 Qxb3 36. axb3 f5 37. Rgd1 Kf7 38. c4 Ke6 39. c5 Rc7 40. b4 g5 41. Kc2 Ke5 42. Kc3 f4 43. Ra1 fxg3 44. fxg3 Rc6 45. Re1 Rf8 46. Red1 Rd8 47. Rh1 a5 48. Rxh5 axb4+ 49. Rxb4 Rxc5+ 50. Kd2 Rg8 51. Ke3 Rc2 52. Rb5 Rg2 53. Rh3 Rf8 54. g4 Rff2 55. b4 Re2# 0-1

[Event "Nova Gorica op-A 26th"]
[Site "Nova Gorica"]
[Date "2022.09.17"]
[Round "2"]
[White "Ivsek, Cveto"]
[Black "Mihelj, Edvard Danijel"]
[Result "1-0"]
[WhiteElo "1763"]
[BlackElo "1657"]
[PlyCount "105"]
[EventDate "2022.09.16"]
[EventType "swiss"]
[EventRounds "9"]
[EventCountry "SLO"]
[SourceTitle "CBM 210 Extra"]
[Source "ChessBase"]
[SourceDate "2022.11.30"]
[SourceVersion "1"]
[SourceVersionDate "2022.11.30"]
[SourceQuality "1"]

1. d4 b6 2. Bf4 g6 3. e3 Bb7 4. Nf3 Bg7 5. Bc4 d5 6. Bd3 Nd7 7. 0-0 e6 8. a4 c5 9. c3 c4 10. Bc2 a6 11. Nbd2 Ne7 12. e4 0-0 13. e5 b5 14. axb5 axb5 15. Rxa8 Qxa8 16. Qa1 Qxa1 17. Rxa1 Ra8 18. Rxa8+ Bxa8 19. b4 Bc6 20. Kf1 Nb6 21. Bg5 Nec8 22. Ke1 Nd7 23. h3 Bf8 24. Nh2 Be7 25. Bf4 f5 26. Ndf3 Kg7 27. Bg5 Bxg5 28. Nxg5 Nf8 29. h4 h6 30. Nh3 Nh7 31. Nf3 Ne7 32. Ke2 Be8 33. Ke3 Bd7 34. Kf4 Nc8 35. Ke3 Ne7 36. Nh2 Nc8 37. f3 Ne7 38. g4 fxg4 39. fxg4 h5 40. gxh5 gxh5 41. Nf4 Kh6 42. Bxh7 Kxh7 43. Nxh5 Nf5+ 44. Kf4 Kg6 45. Nf6 Bc8 46. h5+ Kg7 47. Nhg4 Kh8 48. Ne8 Bd7 49. Nd6 Bc6 50. Nxf5 exf5 51. Kxf5 Kh7 52. e6 Be8 53. Nf6+ 1-0

[Event "Nova Gorica op 24th"]
[Site "Nova Gorica"]
[Date "2019.01.29"]
[Round "7"]
[White "Cortese, Lina"]
[Black "Mihelj, Edvard Danijel"]
[Result "1/2-1/2"]
[WhiteElo "1634"]
[BlackElo "1726"]
[PlyCount "103"]
[EventDate "2019.01.25"]
[EventType "swiss"]
[EventRounds "9"]
[EventCountry "SLO"]
[SourceTitle "CBM 188 Extra"]
[Source "ChessBase"]
[SourceDate "2019.02.26"]
[SourceVersion "1"]
[SourceVersionDate "2019.02.26"]
[SourceQuality "1"]

1. c4 b6 2. Nc3 Bb7 3. d4 g6 4. e4 Bg7 5. Nf3 d6 6. Bd2 Nd7 7. Be2 e5 8. d5 Ngf6 9. 0-0 0-0 10. b4 Nh5 11. Qc1 Nf4 12. Rb1 Nxe2+ 13. Nxe2 Bc8 14. Qc2 Nf6 15. h3 h6 16. Ng3 Kh7 17. Rbc1 Ng8 18. c5 Qf6 19. Kh2 bxc5 20. bxc5 Qe7 21. cxd6 cxd6 22. Qc7 Ba6 23. Qxe7 Nxe7 24. Rfe1 Rfc8 25. Bb4 Rxc1 26. Rxc1 Rc8 27. Re1 Rd8 28. Rc1 Rd7 29. Ba5 Kg8 30. Nd2 f5 31. Rc7 Rxc7 32. Bxc7 fxe4 33. Ngxe4 Nxd5 34. Bxd6 Bb5 35. Nf3 Bd3 36. Nfd2 Kf7 37. Nc5 Bc2 38. Bb8 Nb4 39. a3 Nc6 40. Bd6 a5 41. Nde4 Nd4 42. Bc7 Bxe4 43. Nxe4 Nb5 44. Nd6+ Nxd6 45. Bxd6 a4 46. Kg3 Ke6 47. Bb4 Kd5 48. Kf3 e4+ 49. Ke3 Bd4+ 50. Ke2 Bc5 51. Bxc5 Kxc5 52. Ke3 1/2-1/2

[Event "Nova Gorica op 24th"]
[Site "Nova Gorica"]
[Date "2019.01.25"]
[Round "1"]
[White "Gregoric, Andraz"]
[Black "Mihelj, Edvard Danijel"]
[Result "1-0"]
[WhiteElo "1928"]
[BlackElo "1726"]
[PlyCount "121"]
[EventDate "2019.01.25"]
[EventType "swiss"]
[EventRounds "9"]
[EventCountry "SLO"]
[SourceTitle "CBM 188 Extra"]
[Source "ChessBase"]
[SourceDate "2019.02.26"]
[SourceVersion "1"]
[SourceVersionDate "2019.02.26"]
[SourceQuality "1"]

1. e4 b6 2. d4 g6 3. Bd3 Bg7 4. Nf3 Bb7 5. 0-0 d6 6. c3 Nd7 7. Bg5 h6 8. Bh4 Bf6 9. Bxf6 Ngxf6 10. Re1 e5 11. Qc1 Nh5 12. Nbd2 a6 13. Nf1 Qf6 14. a4 Nf4 15. Qe3 Nxd3 16. Qxd3 0-0 17. h4 Rfe8 18. h5 Kg7 19. Ng3 Qf4 20. dxe5 Nxe5 21. Nxe5 Rxe5 22. Qc4 Rc8 23. a5 b5 24. Qd4 Ra8 25. Re3 Qf6 26. Rd1 Re6 27. Qxf6+ Kxf6 28. hxg6 fxg6 29. f3 Rae8 30. Red3 h5 31. Ne2 d5 32. Nf4 Rd6 33. Nxd5+ Bxd5 34. Rxd5 Ke6 35. Kf2 Rf8 36. Ke3 Rfd8 37. Rxd6+ cxd6 38. Kf4 Kf6 39. Rd5 Rd7 40. b3 Ke6 41. Kg5 Rc7 42. Rd3 Rc5+ 43. Kxg6 h4 44. f4 Rc8 45. f5+ Ke5 46. Kg7 Rc7+ 47. Kg8 Rd7 48. Rf3 Kf6 49. Rh3 Rg7+ 50. Kh8 Rg4 51. Rd3 Ke5 52. f6 Kxf6 53. Rxd6+ Ke5 54. Rxa6 Rxg2 55. Rh6 Rg3 56. Rxh4 Rxc3 57. Rh5+ Kxe4 58. Rxb5 Rg3 59. a6 Rg1 60. a7 Ra1 61. Rb4+ 1-0

[Event "Nova Gorica op 23rd"]
[Site "Nova Gorica"]
[Date "2018.02.01"]
[Round "9"]
[White "Mihelj, Edvard Danijel"]
[Black "Vah, Denis"]
[Result "0-1"]
[WhiteElo "1753"]
[BlackElo "1634"]
[PlyCount "48"]
[EventDate "2018.01.26"]
[EventType "swiss"]
[EventRounds "9"]
[EventCountry "SLO"]
[SourceTitle "CBM 182 Extra"]
[Source "ChessBase"]
[SourceDate "2018.02.23"]
[SourceVersion "1"]
[SourceVersionDate "2018.02.23"]
[SourceQuality "1"]

1. e4 e5 2. Bc4 Nf6 3. d3 Nc6 4. a3 Bc5 5. Nf3 d6 6. h3 h6 7. Nc3 0-0 8. 0-0 Be6 9. Nd5 Bxd5 10. exd5 Ne7 11. Be3 Bxe3 12. fxe3 Nexd5 13. Qe2 Re8 14. Qf2 Qe7 15. Nh4 g6 16. Nxg6 fxg6 17. e4 Rf8 18. Qg3 Kg7 19. exd5 Nh5 20. Qe3 Nf4 21. Rae1 Qg5 22. Rf2 Nxh3+ 23. Qxh3 Rxf2 24. Kxf2 Rf8+ 0-1

[Event "Nova Gorica op 23rd"]
[Site "Nova Gorica"]
[Date "2018.01.28"]
[Round "5"]
[White "Mihelj, Edvard Danijel"]
[Black "Zlatanovic, Srdjan"]
[Result "0-1"]
[WhiteElo "1753"]
[BlackElo "1558"]
[PlyCount "108"]
[EventDate "2018.01.26"]
[EventType "swiss"]
[EventRounds "9"]
[EventCountry "SLO"]
[SourceTitle "CBM 182 Extra"]
[Source "ChessBase"]
[SourceDate "2018.02.23"]
[SourceVersion "1"]
[SourceVersionDate "2018.02.23"]
[SourceQuality "1"]

1. e4 c5 2. Bc4 a6 3. a3 b5 4. Ba2 Bb7 5. d3 g6 6. Nf3 Bg7 7. Nc3 d6 8. Ne2 Nf6 9. Rb1 0-0 10. Ng3 Nbd7 11. h3 Qc7 12. Be3 Rac8 13. 0-0 d5 14. exd5 Nxd5 15. Qe2 Nxe3 16. fxe3 Qxg3 17. Qf2 Qxf2+ 18. Rxf2 Bxf3 19. Rxf3 e6 20. Rf2 Nb6 21. Kh1 Na4 22. c3 Rfd8 23. Rbf1 Rc7 24. d4 Bh6 25. Re2 cxd4 26. exd4 Nb6 27. Rf3 Nd5 28. g4 Nf4 29. Ref2 g5 30. h4 Nd5 31. h5 Nf4 32. Bb3 Bf8 33. Rxf4 gxf4 34. Rxf4 Bh6 35. Re4 Bg5 36. Kg2 h6 37. Kf3 Kg7 38. Re2 a5 39. Ke4 b4 40. axb4 axb4 41. c4 Rcd7 42. d5 exd5+ 43. cxd5 Re8+ 44. Kd3 Rxe2 45. Kxe2 Bc1 46. Kd3 Bxb2 47. Kc4 Bc3 48. Kc5 Kf6 49. Kc6 Ke7 50. Bc4 Rd6+ 51. Kc5 Rf6 52. Be2 b3 53. Bd3 b2 54. Kc4 Rf3 0-1

[Event "Nova Gorica op 23rd"]
[Site "Nova Gorica"]
[Date "2018.01.26"]
[Round "1"]
[White "Mihelj, Edvard Danijel"]
[Black "Hrescak, Ivana"]
[Result "1/2-1/2"]
[WhiteElo "1753"]
[BlackElo "2000"]
[PlyCount "67"]
[EventDate "2018.01.26"]
[EventType "swiss"]
[EventRounds "9"]
[EventCountry "SLO"]
[SourceTitle "CBM 182 Extra"]
[Source "ChessBase"]
[SourceDate "2018.02.23"]
[SourceVersion "1"]
[SourceVersionDate "2018.02.23"]
[SourceQuality "1"]

1. e4 c5 2. Bc4 e6 3. Nc3 Nc6 4. a3 Nge7 5. Ba2 d5 6. Nf3 d4 7. Ne2 b6 8. d3 Bb7 9. Bg5 Qd7 10. Bh4 Ng6 11. Bg3 Bd6 12. 0-0 h5 13. Nh4 Nge5 14. f4 Ng4 15. Rf3 Ne3 16. Qd2 Be7 17. Rxe3 dxe3 18. Qxe3 Nd4 19. Nxd4 cxd4 20. Qd2 Rc8 21. Bf2 Bf6 22. Re1 Qc7 23. Bb3 0-0 24. Qe2 Qxf4 25. Qxh5 Rc5 26. Qf3 Qh6 27. g3 Rh5 28. Qg2 e5 29. Nf3 Qg6 30. g4 Rg5 31. Nxg5 Bxg5 32. Rf1 Bf6 33. h3 b5 34. Bg3 1/2-1/2

[Event "Nova Gorica op 21st"]
[Site "Nova Gorica"]
[Date "2016.01.30"]
[Round "2"]
[White "Mihelj, Edvard Danijel"]
[Black "Riccobon, Elia"]
[Result "0-1"]
[WhiteElo "1743"]
[BlackElo "1971"]
[PlyCount "84"]
[EventDate "2016.01.29"]
[EventType "swiss"]
[EventRounds "9"]
[EventCountry "SLO"]
[SourceTitle "CBM 170 Extra"]
[Source "ChessBase"]
[SourceDate "2016.02.25"]
[SourceVersion "1"]
[SourceVersionDate "2016.02.25"]
[SourceQuality "1"]

1. e4 c5 2. Bc4 Nc6 3. a3 g6 4. Nc3 Bg7 5. Nce2 d6 6. h3 Nf6 7. d3 e6 8. Nf3 0-0 9. Bg5 Qb6 10. Qb1 h6 11. Bd2 d5 12. exd5 exd5 13. Ba2 Be6 14. 0-0 Nd7 15. Nf4 Nf6 16. Re1 Rae8 17. Qc1 Kh7 18. Nxe6 fxe6 19. c3 e5 20. Qc2 e4 21. dxe4 dxe4 22. Nh2 Ne5 23. Be3 Nd3 24. Re2 Nh5 25. Rf1 Qc6 26. Bb1 Be5 27. Qd2 Nhf4 28. Bxf4 Bxf4 29. Qd1 c4 30. Ng4 h5 31. Ne3 Bc7 32. Rd2 Qd6 33. g3 b5 34. Bxd3 exd3 35. b3 Rxe3 36. fxe3 Qxg3+ 37. Rg2 Qxe3+ 38. Rff2 Rxf2 39. Rxf2 Bb6 40. Qf1 Qxf2+ 41. Qxf2 Bxf2+ 42. Kxf2 cxb3 0-1

[Event "Nova Gorica op-A 20th"]
[Site "Nova Gorica"]
[Date "2015.02.03"]
[Round "7"]
[White "Mihelj, Edvard Danijel"]
[Black "Pridigar, Lovro"]
[Result "0-1"]
[WhiteElo "1805"]
[BlackElo "1623"]
[PlyCount "84"]
[EventDate "2015.01.30"]
[EventType "swiss"]
[EventRounds "9"]
[EventCountry "SLO"]
[SourceTitle "CBM 164 Extra"]
[Source "ChessBase"]
[SourceDate "2015.03.02"]
[SourceVersion "1"]
[SourceVersionDate "2015.03.02"]
[SourceQuality "1"]

1. e4 c5 2. Nf3 d6 3. Nc3 Nf6 4. Bc4 e6 5. a3 Nc6 6. Ba2 Be7 7. d3 0-0 8. Ne2 b5 9. Ng3 Bb7 10. Bd2 Qc7 11. 0-0 Rac8 12. Bf4 Rfd8 13. Re1 Qb6 14. c3 d5 15. e5 Nd7 16. d4 cxd4 17. cxd4 b4 18. a4 b3 19. Bxb3 Na5 20. Re3 Nc4 21. Bxc4 dxc4 22. Rb1 Nc5 23. Bg5 Bxf3 24. Rxf3 Bxg5 25. Nh5 Ne4 26. Qe2 Qxd4 27. Re1 c3 28. bxc3 Nxc3 29. Qa6 Qd1 30. Qf1 Ne2+ 31. Rxe2 Rc1 32. Ng3 Qxf1+ 33. Nxf1 Rdd1 34. g3 Rxf1+ 35. Kg2 Rg1+ 36. Kh3 h5 37. Rb2 Rc7 38. Ra2 Be7 39. Rb3 g5 40. f3 Rc4 41. g4 hxg4+ 42. fxg4 Rgxg4 0-1

[Event "Nova Gorica op-A 20th"]
[Site "Nova Gorica"]
[Date "2015.02.02"]
[Round "6"]
[White "Kobal, Sasa"]
[Black "Mihelj, Edvard Danijel"]
[Result "1-0"]
[WhiteElo "1717"]
[BlackElo "1805"]
[PlyCount "134"]
[EventDate "2015.01.30"]
[EventType "swiss"]
[EventRounds "9"]
[EventCountry "SLO"]
[SourceTitle "CBM 164 Extra"]
[Source "ChessBase"]
[SourceDate "2015.03.02"]
[SourceVersion "1"]
[SourceVersionDate "2015.03.02"]
[SourceQuality "1"]

1. e4 b6 2. d4 g6 3. c4 d6 4. Nc3 Bg7 5. Be2 Bb7 6. Bf3 Nd7 7. Be3 Ngf6 8. Qc2 c5 9. d5 Ne5 10. Be2 Qc8 11. h3 Ba6 12. b3 0-0 13. Rd1 Ne8 14. f4 Nd7 15. Nf3 Qd8 16. 0-0 Bc8 17. Bf2 a6 18. Bg3 b5 19. Nb1 bxc4 20. Bxc4 Nb6 21. Na3 Nxc4 22. Nxc4 Bd7 23. Rfe1 Bb5 24. e5 Bxc4 25. Qxc4 Qa5 26. Qc2 Rc8 27. Bh4 f6 28. e6 Qb6 29. f5 g5 30. Bf2 Rb8 31. Re4 Qb7 32. h4 h6 33. hxg5 fxg5 34. g4 Nf6 35. Ra4 Nxd5 36. Re1 Nc3 37. Rae4 Nxe4 38. Rxe4 Qd5 39. Ne1 Rfc8 40. Rc4 a5 41. Ng2 Rb4 42. Ne3 Qf3 43. Qc1 Bd4 44. Rxd4 Rxd4 45. Qe1 Rxg4+ 46. Nxg4 Qxg4+ 47. Kh2 Qxf5 48. Bg3 Rf8 49. Qxa5 Qxe6 50. Qd2 Rf3 51. Qg2 Qg4 52. a4 h5 53. a5 Rxb3 54. Qd5+ Kg7 55. Qxb3 h4 56. Bf2 Qf4+ 57. Kg1 Qe4 58. a6 Qg4+ 59. Kf1 h3 60. a7 Qg2+ 61. Ke2 h2 62. Qb2+ Kf7 63. Qa2+ Kg7 64. a8Q h1Q 65. Q2g8+ Kh6 66. Qaf8+ Kh5 67. Qh7+ Kg4 1-0

[Event "Nova Gorica op-A 19th"]
[Site "Nova Gorica"]
[Date "2014.02.06"]
[Round "9"]
[White "Capaliku, Aleks"]
[Black "Mihelj, Edvard Danijel"]
[Result "1-0"]
[WhiteElo "2127"]
[BlackElo "1808"]
[PlyCount "84"]
[EventDate "2014.01.31"]
[EventType "swiss"]
[EventRounds "9"]
[EventCountry "SLO"]
[SourceTitle "CBM 158 Extra"]
[Source "ChessBase"]
[SourceDate "2014.02.28"]
[SourceVersion "1"]
[SourceVersionDate "2014.02.28"]
[SourceQuality "1"]

1. f4 g6 2. e4 b6 3. d4 d6 4. Nf3 Bb7 5. d5 Bg7 6. Bd3 Nf6 7. 0-0 Nbd7 8. Nc3 Nc5 9. Be3 c6 10. Bd4 0-0 11. dxc6 Bxc6 12. Qe2 Qc7 13. e5 Nh5 14. g3 Nxd3 15. cxd3 Bxf3 16. Rxf3 dxe5 17. Bxe5 Bxe5 18. Qxe5 Qxe5 19. fxe5 Rad8 20. Rd1 f6 21. g4 Ng7 22. Re3 Kf7 23. d4 Ne6 24. d5 Nf4 25. e6+ Ke8 26. Nb5 Rg8 27. Nc7+ Kf8 28. d6 Kg7 29. d7 h5 30. Nb5 hxg4 31. Nxa7 Rh8 32. Nc6 Ra8 33. a3 g5 34. d8Q Raxd8 35. Rxd8 Nh3+ 36. Kf1 Rh4 37. Nxe7 Rh5 38. Nf5+ Kg6 39. Ng3 Rh7 40. Rg8+ Kh6 41. Nf5+ Kh5 42. e7 Rxe7 1-0

[Event "Nova Gorica op-A 19th"]
[Site "Nova Gorica"]
[Date "2014.02.03"]
[Round "6"]
[White "Mihelj, Edvard Danijel"]
[Black "Kodric, Tilen"]
[Result "0-1"]
[WhiteElo "1808"]
[BlackElo "1683"]
[PlyCount "124"]
[EventDate "2014.01.31"]
[EventType "swiss"]
[EventRounds "9"]
[EventCountry "SLO"]
[SourceTitle "CBM 158 Extra"]
[Source "ChessBase"]
[SourceDate "2014.02.28"]
[SourceVersion "1"]
[SourceVersionDate "2014.02.28"]
[SourceQuality "1"]

1. g3 c5 2. b3 Nf6 3. d3 d5 4. Bg2 Nc6 5. Bb2 e5 6. Nd2 Bf5 7. Ngf3 Bd6 8. 0-0 Qd7 9. Ne1 Bh3 10. c4 Bxg2 11. Kxg2 d4 12. Bc1 h5 13. Nef3 e4 14. Ng5 h4 15. dxe4 hxg3 16. fxg3 Qg4 17. Ndf3 0-0-0 18. Rh1 Nxe4 19. Nxe4 Qxe4 20. Qd3 Qg4 21. Bd2 Rde8 22. a3 Ne5 23. Nxe5 Rxe5 24. Rae1 Qh3+ 25. Kg1 Rhe8 26. Qf3 Qe6 27. e4 Rxe4 28. Rxe4 Qxe4 29. Qxe4 Rxe4 30. Kf2 Kd7 31. Kf3 f5 32. Re1 Rxe1 33. Bxe1 a6 34. h4 b5 35. h5 Ke6 36. Bd2 Kf6 37. Bc1 Bf8 38. Bf4 g5 39. hxg6 Kxg6 40. Be5 Kf7 41. Bf4 Ke6 42. Bd2 Bd6 43. Bc1 Bc7 44. Bd2 Bd8 45. Bf4 Ba5 46. Ke2 Bc3 47. Kd3 Bb2 48. a4 bxa4 49. bxa4 Bc3 50. Ke2 Kd7 51. Kd3 Kc6 52. Bg5 Ba5 53. Be7 Bc7 54. Bh4 Kb6 55. Kc2 Ka5 56. Kb3 Kb6 57. Kc2 Be5 58. Kd3 Kc6 59. Ke2 Bc7 60. Kd3 Kd6 61. Ke2 Kd7 62. Kd3 Bd8 0-1

[Event "Nova Gorica op-A 19th"]
[Site "Nova Gorica"]
[Date "2014.02.02"]
[Round "5"]
[White "Mihelj, Edvard Danijel"]
[Black "Muradore, Aldo"]
[Result "1-0"]
[WhiteElo "1808"]
[BlackElo "1543"]
[PlyCount "45"]
[EventDate "2014.01.31"]
[EventType "swiss"]
[EventRounds "9"]
[EventCountry "SLO"]
[SourceTitle "CBM 158 Extra"]
[Source "ChessBase"]
[SourceDate "2014.02.28"]
[SourceVersion "1"]
[SourceVersionDate "2014.02.28"]
[SourceQuality "1"]

1. e4 c5 2. Bc4 e6 3. Nc3 d6 4. a3 Nf6 5. Ba2 Nc6 6. f4 Be7 7. d3 Nd4 8. Nce2 Nxe2 9. Qxe2 Bd7 10. Nf3 h6 11. Bd2 Bc6 12. Rg1 b5 13. g4 c4 14. Nd4 cxd3 15. cxd3 a6 16. f5 e5 17. Nf3 Rc8 18. g5 Nh7 19. gxh6 gxh6 20. Bxh6 Bh4+ 21. Kd2 d5 22. Nxe5 dxe4 23. Bxf7+ 1-0

[Event "Nova Gorica op-A 18th"]
[Site "Nova Gorica"]
[Date "2013.01.30"]
[Round "8"]
[White "Mihelj, Edvard Danijel"]
[Black "Petrovic, Marko"]
[Result "0-1"]
[WhiteElo "1817"]
[BlackElo "1949"]
[PlyCount "62"]
[EventDate "2013.01.25"]
[EventType "swiss"]
[EventRounds "9"]
[EventCountry "SLO"]
[SourceTitle "CBM 152 Extra"]
[Source "ChessBase"]
[SourceDate "2013.02.25"]
[SourceVersion "1"]
[SourceVersionDate "2013.02.25"]
[SourceQuality "1"]

1. e4 e5 2. Bc4 Nc6 3. Nf3 Nf6 4. d3 Be7 5. Nc3 0-0 6. Ne2 d5 7. exd5 Nxd5 8. 0-0 Bg4 9. Ng3 Nd4 10. c3 Nxf3+ 11. gxf3 Bh3 12. Re1 Nb6 13. Bb3 Bd6 14. d4 Nd7 15. Re4 Kh8 16. dxe5 Nxe5 17. Bf4 Qf6 18. Bxe5 Bxe5 19. Qe2 Bd6 20. Re1 Bd7 21. Bc2 Bc6 22. Re3 Bf4 23. Re7 Rad8 24. Bd3 Bd6 25. Re3 Bc5 26. Ne4 Qg6+ 27. Ng3 Qd6 28. Nf5 Qf4 29. Re5 Bxf3 30. Qf1 Bd6 31. Nxd6 Qg4+ 0-1

[Event "Nova Gorica op-A 18th"]
[Site "Nova Gorica"]
[Date "2013.01.29"]
[Round "7"]
[White "Mihelj, Edvard Danijel"]
[Black "Zuttioni, Federico"]
[Result "0-1"]
[WhiteElo "1817"]
[BlackElo "2006"]
[PlyCount "61"]
[EventDate "2013.01.25"]
[EventType "swiss"]
[EventRounds "9"]
[EventCountry "SLO"]
[SourceTitle "CBM 152 Extra"]
[Source "ChessBase"]
[SourceDate "2013.02.25"]
[SourceVersion "1"]
[SourceVersionDate "2013.02.25"]
[SourceQuality "1"]

1. e4 e5 2. Bc4 Bc5 3. Nf3 Nc6 4. d3 Nf6 5. Bg5 h6 6. Bh4 g5 7. Bg3 d6 8. h3 Be6 9. Nbd2 Qe7 10. c3 Bb6 11. Qa4 Nh5 12. Ba6 Bd7 13. Bxb7 Na5 14. Qd1 Nxb7 15. Bh2 Nc5 16. Qe2 Nf6 17. g3 Ne6 18. g4 Nh7 19. Rd1 Nhf8 20. Nc4 Ng6 21. Qc2 Qf6 22. Ng1 Nh4 23. Bg3 Nf4 24. Ne3 Nfg2+ 25. Ke2 c6 26. Rh2 Nf4+ 27. Kd2 0-0 28. Bxh4 gxh4 29. Kc1 d5 30. Nf5 Bxf5 31. exf5 0-1

[Event "Nova Gorica op-A 18th"]
[Site "Nova Gorica"]
[Date "2013.01.25"]
[Round "1"]
[White "Mihelj, Edvard Danijel"]
[Black "Beletic, Daniel"]
[Result "0-1"]
[WhiteElo "1817"]
[BlackElo "2239"]
[PlyCount "44"]
[EventDate "2013.01.25"]
[EventType "swiss"]
[EventRounds "9"]
[EventCountry "SLO"]
[SourceTitle "CBM 152 Extra"]
[Source "ChessBase"]
[SourceDate "2013.02.25"]
[SourceVersion "1"]
[SourceVersionDate "2013.02.25"]
[SourceQuality "1"]

1. e4 c5 2. Bc4 Nc6 3. Nc3 g6 4. f4 Bg7 5. Nf3 e6 6. a3 Nge7 7. Ba2 0-0 8. Ne2 d5 9. e5 f6 10. d4 cxd4 11. exf6 Bxf6 12. Nexd4 Qb6 13. c3 Nxd4 14. Nxd4 Bxd4 15. Qxd4 Qxd4 16. cxd4 Nf5 17. Kd2 Bd7 18. a4 Rac8 19. g3 Nxd4 20. b3 e5 21. Ba3 Rc2+ 22. Ke1 Nf3+ 0-1

[Event "Nova Gorica op-A 17th"]
[Site "Nova Gorica"]
[Date "2012.02.01"]
[Round "8"]
[White "Mihelj, Edvard Danijel"]
[Black "Okanovic, Vehidin"]
[Result "0-1"]
[WhiteElo "1873"]
[BlackElo "1536"]
[PlyCount "115"]
[EventDate "2012.01.27"]
[EventType "swiss"]
[EventRounds "9"]
[EventCountry "SLO"]
[SourceTitle "CBM 146 Extra"]
[Source "ChessBase"]
[SourceDate "2012.02.29"]
[SourceVersion "1"]
[SourceVersionDate "2012.02.29"]
[SourceQuality "1"]

1. e4 e5 2. Bc4 Bc5 3. Nf3 Qe7 4. Nc3 c6 5. d3 h6 6. a3 Nf6 7. h3 d6 8. 0-0 0-0 9. Ne2 Be6 10. Ba2 Bxa2 11. Rxa2 Nh5 12. Be3 Bxe3 13. fxe3 Nd7 14. Qe1 d5 15. exd5 cxd5 16. Nh4 g6 17. Ra1 Rac8 18. Rc1 b6 19. Nc3 Qe6 20. e4 d4 21. Ne2 a5 22. Qd2 Kh7 23. g4 Nf4 24. Nxf4 exf4 25. Nf3 Qd6 26. Qf2 g5 27. Qxd4 Qc5 28. Qxc5 Nxc5 29. b3 f6 30. Nd4 Rfe8 31. h4 Rcd8 32. Nf5 Nd7 33. hxg5 fxg5 34. Kg2 Ne5 35. Kh3 Kg6 36. Rce1 Rh8 37. d4 Nc6 38. c3 h5 39. Rh1 Rh7 40. gxh5+ Rxh5+ 41. Kg2 Rdh8 42. Rxh5 Rxh5 43. Nd6 g4 44. e5 Rh3 45. Ne4 Ne7 46. c4 Rxb3 47. d5 Rb2+ 48. Kg1 f3 49. Rf1 Kf5 50. d6 Nc6 51. Nf6 Nxe5 52. Nd5 Ke6 53. Rd1 Kxd6 54. Nxb6+ Kc6 55. c5 g3 56. Na4 Rg2+ 57. Kf1 Rh2 58. Rd6+ 0-1

[Event "Nova Gorica op-A 17th"]
[Site "Nova Gorica"]
[Date "2012.01.29"]
[Round "4"]
[White "Mihelj, Edvard Danijel"]
[Black "Opalic, David"]
[Result "0-1"]
[WhiteElo "1873"]
[BlackElo "1631"]
[PlyCount "56"]
[EventDate "2012.01.27"]
[EventType "swiss"]
[EventRounds "9"]
[EventCountry "SLO"]
[SourceTitle "CBM 146 Extra"]
[Source "ChessBase"]
[SourceDate "2012.02.29"]
[SourceVersion "1"]
[SourceVersionDate "2012.02.29"]
[SourceQuality "1"]

1. e4 e5 2. Bc4 Nf6 3. d3 Nc6 4. a3 d6 5. Nc3 Be7 6. Nf3 Bg4 7. Ne2 Bxf3 8. gxf3 d5 9. Ba2 Bc5 10. Be3 Qd6 11. Ng3 g6 12. Bg5 dxe4 13. fxe4 h6 14. Be3 h5 15. h3 Bb6 16. Bg5 Nh7 17. Be3 Nf6 18. Ne2 Qd7 19. Nc3 0-0-0 20. Bg5 Ng4 21. hxg4 hxg4 22. Rg1 Rh2 23. Bxd8 Bxf2+ 24. Kf1 g3 25. Rxg3 Bxg3 26. Kg1 Rh1+ 27. Kg2 Qh3+ 28. Kf3 Bf4+ 0-1